[Event "9th Holuj-Radzikowska 2019"]
[Site "Wroclaw"]
[Date "2019.12.10"]
[Round "4"]
[White "Zatonskih, Anna"]
[Black "Sliwicka, Alicja"]
[Result "1-0"]
[WhiteElo "2420"]
[BlackElo "2264"]
[Annotator "TA"]
[PlyCount "123"]
[EventDate "2019.12.06"]
[EventType "team-tourn"]
[EventCountry "POL"]
[SourceTitle "playchess.com"]
[Source "ChessBase"]
[SourceQuality "1"]

{[%evp 18,123,27,12,20,20,41,37,72,66,107,74,85,17,83,68,60,72,94,-30,82,81,80,80,72,89,79,73,66,0,49,49,49,49,49,49,49,49,64,49,68,53,56,49,49,49,64,49,49,49,49,49,49,49,49,49,49,49,49,49,49,49,49,49,49,49,49,49,61,61,71,60,64,62,64,59,102,80,75,62,56,8,20,-41,217,209,327,309,306,159,172,190,384,375,439,439,439,435,656,644,2262,2133,2772,2041,29981,29982,2313,3561]} 1. d4 Nf6 2. Nf3 d6 3. c4 Nbd7 4. Nc3 e5 5. Bg5 c6 6. e3 Be7 7. Qc2 a6 8. Bd3 h6 9. Bh4 O-O 10. O-O Re8 {A54: Old Indian Defence with Nf3, but without e4} 11. b4 (11. Rad1 Nh5 12. Bxe7 Qxe7 13. Bf5 Nhf6 14. Nd2 g6 15. Bh3 e4 16. b4 d5 17. b5 axb5 18. cxd5 Nxd5 19. Nxd5 cxd5 {0-1 (40) Rezan,S (2456)-Popovic,D (2568) Bol 2013}) 11... Qc7 12. Rab1 b5 $146 {White is slightly better.} ({Predecessor:} 12... Nh5 13. Bxe7 Rxe7 14. Nh4 Nf8 15. d5 Nf6 16. Rfc1 {½-½ (41) Seiler,S (2036)-Diefenbach,M (1943) Bayern 2015}) 13. Rfc1 e4 14. Bxe4 {Black must now prevent cxb5.} bxc4 {[#]} 15. Bg3 (15. d5 $1 $16) 15... Nxe4 (15... Nb6 $11 {remains equal.}) 16. Nxe4 $16 Nb6 17. a4 {[%cal Ba2a4,Ba4a5][%mdl 32]} Be6 18. Nfd2 (18. a5 $16 Nd5 19. Nfd2 (19. Qxc4 Nxe3 20. Qxc6 Qxc6 $11)) 18... Qd8 (18... Qd7 $1 $11) 19. a5 Nc8 20. Nxc4 d5 21. Nb6 $1 {[%cal Rb6a8]} Nxb6 22. axb6 Qxb6 23. Nd6 (23. Nc5 $1 $14) 23... Bxd6 (23... Red8 $5 {[%cal Re7d6]} 24. Nf5 (24. Qxc6 Rab8 $11) 24... Bf8 $11) 24. Bxd6 Rec8 25. Qc5 Qb7 26. Ra1 Bf5 27. Ra3 Qb5 28. Qc3 (28. h3 {looks sharper.} Bd3 29. Qc3 Bf5 30. Be5 Qb7 31. Qc5) 28... Qe2 29. Re1 (29. h3 {with more complications.} Qb5 30. Be5 Qe2 31. Ra5 Qh5 32. Bg3) 29... Qb5 30. Ra5 Qb7 31. Rea1 Rd8 {...Bg4 is the strong threat.} 32. Bg3 Bc8 33. Rc5 Bd7 34. Qa3 Ra7 35. Ra5 Bc8 36. Rc1 Ra8 37. Rac5 Bd7 38. Qc3 Rdc8 39. h3 Rd8 40. Kh2 Rdc8 41. Ra1 Rd8 42. Be5 f6 43. Bg3 Be8 44. f3 Rdc8 45. Re1 Qd7 46. e4 Bf7 47. Rc1 dxe4 48. fxe4 {Threatens to win with d5.} Rd8 49. d5 cxd5 50. exd5 ({White should try} 50. e5 $11) 50... Qb7 $2 {[%mdl 8192]} (50... Bxd5 $15 {stays ahead.} 51. Rd1 Qe6) 51. d6 $18 Rd7 (51... h5 {might work better.} 52. Qd4 Rab8) 52. Rc7 Qb5 53. Ra1 (53. Qf3 $18 Rf8 54. Qg4) 53... Be6 54. Ra5 $36 {[%mdl 2048] Keeping Black busy.} Qb6 $2 (54... Qe2 55. b5 Bd5) 55. Rc6 Qb7 {[#]} 56. b5 $1 {[%cal Bb4b5,Bb5a6][%mdl 544]} Rdd8 (56... axb5 57. Rxa8+) 57. bxa6 Qb1 (57... Qb3 $142 58. Qd4 Bd7) 58. Rc7 Qb6 59. Rb7 Rac8 60. Qe1 Qd4 61. Qxe6+ Kh8 {[#]} 62. Qg4 $1 {Accuracy: White = 60%, Black = 39%.} 1-0

[Event "9th Holuj-Radzikowska 2019"]
[Site "Wroclaw"]
[Date "2019.12.10"]
[Round "4"]
[White "Cyfka, Karina"]
[Black "Bulmaga, Irina"]
[Result "1/2-1/2"]
[WhiteElo "2410"]
[BlackElo "2434"]
[Annotator "ChessBase"]
[PlyCount "50"]
[EventDate "2019.12.06"]
[EventType "team-tourn"]
[EventCountry "POL"]
[SourceTitle "playchess.com"]
[Source "ChessBase"]
[SourceQuality "1"]
[TimeControl "40/5400+30:1800+30"]

1. d4 Nf6 2. Bf4 e6 3. e3 d5 4. Nf3 Be7 5. h3 O-O 6. Nbd2 b6 7. c3 Bb7 8. Bd3 Ne4 9. Qc2 f5 10. Ne5 Nd7 11. Ndf3 c5 12. O-O Nxe5 13. Nxe5 Nf6 14. Qe2 c4 15. Bc2 b5 16. g4 Ne4 17. f3 Nd6 18. Rf2 a5 19. Rg2 Rc8 20. Kh1 Rc7 21. Rag1 Bf6 22. Qe1 Bh4 23. Qd2 Bf6 24. Qe1 Bh4 25. Qd2 Bf6 1/2-1/2

[Event "9th Holuj-Radzikowska 2019"]
[Site "Wroclaw"]
[Date "2019.12.10"]
[Round "4"]
[White "Socko, Monika"]
[Black "Bodnaruk, Anastasia"]
[Result "1-0"]
[WhiteElo "2407"]
[BlackElo "2413"]
[Annotator "TA"]
[PlyCount "125"]
[EventDate "2019.12.06"]
[EventType "team-tourn"]
[EventCountry "POL"]
[SourceTitle "playchess.com"]
[Source "ChessBase"]
[SourceQuality "1"]

{[%evp 16,125,18,9,11,6,7,7,42,5,61,-25,10,17,25,0,8,13,18,16,37,18,25,0,0,0,0,0,28,-22,0,0,11,-18,0,-29,0,-5,14,-20,0,-38,-24,-78,-66,-64,-83,-95,-70,-84,-78,-67,-42,-35,0,0,0,0,0,0,501,503,453,0,5727,0,0,0,0,0,0,0,0,0,141,146,220,0,0,0,0,0,0,0,0,0,29986,0,29987,0,329,0,0,0,318,0,0,0,293,254,752,748,12830,12830,29985,29986,29986,29987,29987,29988,29985,12833]} 1. d4 Nf6 2. g3 g6 3. Bg2 d5 4. Nf3 Bg7 5. c4 c6 6. Nbd2 O-O 7. O-O a5 8. b3 a4 9. Bb2 Bf5 {D78: Fianchetto Grünfeld: 6 0-0 c6} 10. Nh4 Be6 11. Qc2 Na6 {The position is equal.} 12. Rfd1 $146 ({Predecessor:} 12. Bc3 Nc7 13. Rfe1 Nce8 14. bxa4 Nd6 15. c5 Nde4 16. Nxe4 Nxe4 17. Bxe4 dxe4 {1-0 (60) Gelfand,B (2734)-Potkin,V (2597) Almaty 2016}) 12... Qc7 (12... b5 $11) 13. e4 (13. bxa4 $14 Qb6 14. Qb3) 13... Nb4 14. Qc3 a3 15. Bxa3 $1 Rxa3 16. Qxb4 Rfa8 17. cxd5 cxd5 18. e5 Ne8 19. Rac1 Qd7 20. Nb1 Rxa2 21. Nc3 R2a5 22. Bf1 b5 23. Qc5 Nc7 24. Ne2 R8a7 25. Qb4 Qd8 26. Ng2 Bg4 27. Rd3 Bf8 28. f3 Bd7 29. Ne3 (29. Qe1 $1 $11) 29... e6 $17 30. Qe1 b4 31. Ng4 Ne8 32. Nf4 Ra2 33. Rd2 Qa8 34. Nd3 Rxd2 35. Qxd2 Ra2 36. Qf4 Qa7 37. Nc5 Bc8 $2 {[%mdl 8192]} (37... h5 $11 38. Nh6+ Bxh6 39. Qxh6 Ng7) 38. Bb5 $18 Nc7 39. Bd7 $2 (39. Nf6+ Kg7 $18) ({White should try} 39. Ba4 $18) 39... Bxc5 $4 {[%mdl 8192]} (39... Qa3 $11 40. Rf1 (40. Bxc8 Qb2 41. Nh6+ Bxh6 42. Rc2 Qxc2 43. Qxf7+ {[%mdl 64] Remove Defender} Kxf7 44. Bxe6+ Nxe6 45. Nxe6 Qg2#) 40... Qb2) 40. Nf6+ $2 (40. Rxc5 $18 {Intending Qf6 and mate.} Bxd7 41. Nh6+ Kg7 42. Qxf7+ Kxh6 43. Qf8+ Kh5 44. Qf4 Ra1+ 45. Kg2) 40... Kg7 $1 $11 41. dxc5 Ra1 {And now ...Qxc5+ would win.} 42. Kg2 Rxc1 43. Qxc1 $40 {[%mdl 128] Ng4 is the strong threat. White attacks.} Qa2+ 44. Kh3 Ba6 (44... Bxd7 $11 45. Nxd7 Qxb3) 45. Ng4 $1 $16 Kf8 (45... Bf1+ $16 {was called for.} 46. Kh4 (46. Qxf1 h5 $16) 46... Kf8) 46. Ba4 $2 (46. c6 $1 $18 h5 47. Qh6+ Ke7 48. Qg5+ Kf8 49. Qh6+ (49. Qd8+ Kg7 $11) 49... Ke7 50. Ne3 (50. Qg5+ Kf8 $11) 50... Qxb3 51. g4) 46... h5 $1 $11 {[%cal Rh5g4]} 47. Qh6+ Ke7 48. Qg5+ Kf8 49. Qd8+ Kg7 50. Qf6+ Kf8 $2 {[%mdl 8192]} (50... Kg8 $11 51. Qd8+ (51. Nh6+ Kh7 $11) 51... Kg7 52. Qf6+ Kg8 53. Nh6+ (53. Qd8+ Kg7 $11) 53... Kh7) 51. Qh8+ $1 Ke7 52. Ne3 $2 (52. Nf6 $1 {mates} Bb5 53. Qb8 $1 {[%mdl 512]} Bxa4 54. Qxc7+ Kf8 55. Qc8+ Be8 56. Qxe8+ Kg7 57. Qg8+ Kh6 58. f4 Qg2+ 59. Kxg2 d4 60. Qh8#) 52... Qf2 $2 {[%mdl 8192]} (52... d4 $11) 53. Qf6+ $2 (53. Qb8 $1 $18 {[%cal Rb8c7]} Qxf3 54. Qxc7+ Kf8 55. Qd6+ Kg7 56. Qxa6 Qxe3 57. Qf1 Qxc5 58. Qf6+ Kg8 59. Qh4) 53... Kf8 54. Qh8+ $2 {[%mdl 8192]} (54. f4 $11 Qxe3 55. Qh8+ Ke7 56. Qf6+ Kf8 57. Qd8+ Kg7 58. Qf6+ Kg8 59. Qd8+ {[%mdl 64] Double Attack} Kg7 60. Qf6+ Kg8 61. Qd8+ {[%mdl 64] Double Attack} Kg7) 54... Ke7 $18 55. Qf6+ $2 (55. Qb8 $1 $18 {[%cal Rb8c7]} Qxf3 56. Qxc7+ Kf8 57. Qd6+ Kg7 58. Qxa6 Qxe3 59. Qf1 Qxc5 60. Be8 (60. Qf6+ Kg8 $16)) 55... Kf8 $11 56. Qh8+ $2 {[%mdl 8192]} (56. f4 $11 Qxe3 57. Qh8+ Ke7 58. Qf6+ Kf8 59. Qd8+ Kg7 60. Qf6+ Kg8 61. Qd8+ {[%mdl 64] Double Attack} Kg7 62. Qf6+ Kg8 63. Qd8+ {[%mdl 64] Double Attack} Kg7) 56... Ke7 $18 {[#]} 57. Qb8 $1 {[%csl LRb4,LRc7][%cal Rb8c7]} Bf1+ $2 (57... Qxf3 58. Qxc7+ Kf8 59. Qd6+ Kg7 60. Qxa6 Qxe3) 58. Nxf1 Qxf1+ 59. Kh4 {Threatening mate with Kg5.} g5+ 60. Kxg5 {White mates.} Qc1+ 61. f4 Qxc5 62. Kh6 Qc2 63. Qxb4+ {Accuracy: White = 37%, Black = 37%.} (63. f5 $142 exf5 {[#]} 64. Qc8 $1 {[%mdl 512]} Nb5 65. Qxc2 Ke6 66. Bxb5 Kxe5 67. Kxh5 f4 68. gxf4+ Kxf4 69. Qe2) 1-0

[Event "9th Holuj-Radzikowska 2019"]
[Site "Wroclaw"]
[Date "2019.12.10"]
[Round "4"]
[White "Badelka, Olga"]
[Black "Majdan, Joanna"]
[Result "1-0"]
[WhiteElo "2399"]
[BlackElo "2336"]
[Annotator "ChessBase"]
[PlyCount "65"]
[EventDate "2019.12.06"]
[EventType "team-tourn"]
[EventCountry "POL"]
[SourceTitle "playchess.com"]
[Source "ChessBase"]
[SourceQuality "1"]
[TimeControl "40/5400+30:1800+30"]

1. c4 {[%emt 0:00:00]} g6 {[%emt 0:00:00]} 2. Nc3 {[%emt 0:00:16]} Bg7 {[%emt 0:00:00]} 3. d4 {[%emt 0:00:55]} c5 {[%emt 0:02:33]} 4. d5 {[%emt 0:00:17]} d6 {[%emt 0:00:05]} 5. e4 {[%emt 0:00:17]} Nf6 {[%emt 0:01:44]} 6. h3 {[%emt 0:01:45]} e6 {[%emt 0:02:45]} 7. Nf3 {[%emt 0:01:09]} O-O {[%emt 0:01:02]} 8. Bd3 {[%emt 0:05:02]} Na6 {[%emt 0:07:01]} 9. O-O {[%emt 0:00:44]} Nc7 {[%emt 0:00:22]} 10. a4 {[%emt 0:02:02]} Na6 {[%emt 0:05:38]} 11. Re1 {[%emt 0:02:25]} e5 {[%emt 0:05:00]} 12. Bf1 {[%emt 0:02:44]} h6 {[%emt 0:01:43]} 13. Nh2 {[%emt 0:12:59]} Ne8 {[%emt 0:07:08]} 14. f4 {[%emt 0:03:41]} exf4 {[%emt 0:14:20]} 15. Bxf4 {[%emt 0:00:06]} Nb8 {[%emt 0:00:03]} 16. e5 {[%emt 0:04:48]} dxe5 {[%emt 0:00:26]} 17. Bxe5 {[%emt 0:00:05]} Bxe5 {[%emt 0:01:37]} 18. Rxe5 {[%emt 0:00:04]} Nd7 {[%emt 0:00:31]} 19. Re1 {[%emt 0:00:36]} Nd6 {[%emt 0:00:25]} 20. Qd2 {[%emt 0:02:10]} h5 {[%emt 0:07:16]} 21. Nf3 {[%emt 0:04:32]} Nf6 {[%emt 0:05:05]} 22. Qf4 {[%emt 0:07:49]} Re8 {[%emt 0:05:48]} 23. Nb5 {[%emt 0:06:29]} Rxe1 {[%emt 0:05:13]} 24. Rxe1 {[%emt 0:00:18]} Nxb5 {[%emt 0:01:02]} 25. axb5 {[%emt 0:00:04]} a6 {[%emt 0:06:32]} 26. d6 {[%emt 0:09:37]} axb5 {[%emt 0:05:53]} 27. Re7 {[%emt 0:02:40]} Bf5 {[%emt 0:02:25]} 28. Ng5 {[%emt 0:00:05]} Ra1 {[%emt 0:03:24]} 29. Nxf7 {[%emt 0:00:43]} Qf8 {[%emt 0:01:10]} 30. Nh6+ {[%emt 0:01:21]} Kh8 {[%emt 0:00:03]} 31. Nxf5 {[%emt 0:06:44]} gxf5 {[%emt 0:00:10]} 32. Qe5 {[%emt 0:00:47]} Rd1 {[%emt 0:03:27]} 33. d7 {[%emt 0:00:41]} 1-0

[Event "9th Holuj-Radzikowska 2019"]
[Site "Wroclaw"]
[Date "2019.12.10"]
[Round "4"]
[White "Antolak, Julia"]
[Black "Houska, Jovanka"]
[Result "0-1"]
[WhiteElo "2249"]
[BlackElo "2412"]
[Annotator "TA"]
[PlyCount "110"]
[EventDate "2019.12.06"]
[EventType "team-tourn"]
[EventCountry "POL"]
[SourceTitle "playchess.com"]
[Source "ChessBase"]
[SourceQuality "1"]

{[%evp 9,110,14,29,-14,-14,-35,0,0,-6,-32,-28,-29,-29,-26,-27,-51,-33,-45,-20,-36,-30,-32,-11,-27,-27,-43,-32,-42,-46,-60,-64,-62,-43,-83,-58,-81,-74,-87,-90,-90,-100,-95,-95,-128,-128,-119,-111,-116,-118,-122,-126,-159,-65,-65,-52,-141,-111,-365,-354,-336,-345,-342,-337,-336,-332,-335,-323,-321,-331,-320,-307,-469,-454,-850,-435,-445,-444,-427,-387,-437,-441,-525,-520,-870,-862,-1277,-1151,-1262,-987,-968,-968,-2150,-2093,-1743,-1875,-1713,-1820,-29978,-29977,-29971,-29974,-29973,-29969]} 1. e4 c6 2. d4 d5 3. exd5 cxd5 4. Bd3 g6 5. Bf4 Bh6 $146 ({Predecessor:} 5... Nc6 6. c3 Nf6 7. Nd2 Bf5 8. Bxf5 {½-½ (8) Schneider,I (2513)-Meissner,F (2352) Karlsruhe 2018}) 6. Be5 {B13: Caro-Kann: Exchange Variation and Panov-Botvinnik Attack} Nf6 7. c3 Nc6 8. Bxf6 {The position is equal.} exf6 9. Ne2 O-O 10. O-O Re8 11. Nd2 Qd6 12. Qc2 Be6 13. Rae1 Re7 14. Nb3 Rae8 15. Nec1 f5 16. Re2 f4 {[#] White must now prevent ...f3!} 17. f3 Bg7 18. Rfe1 Bf6 19. Kf1 Bh4 $36 {[%mdl 2048] Black is pushing.} 20. Rd1 b6 21. a3 a5 22. a4 Kg7 23. Qd2 Bd7 24. Bb5 Re3 25. Na1 Ne7 {...Bxb5 is the strong threat.} 26. Nc2 Bxb5 27. axb5 Nf5 {Threatens to win with ...Rxe2.} 28. Kg1 Rxe2 29. Nxe2 g5 30. Qd3 Qe6 ({Black should play} 30... Ne3 $17 31. Rc1 Qd7) 31. Nc1 $15 h5 32. b3 ({White should try} 32. Rd2 $1 $15) 32... g4 33. c4 $2 {[%mdl 8192]} (33. Rf1 $17 {was forced.}) 33... Ne3 $19 34. Nxe3 fxe3 35. Qe2 gxf3 36. gxf3 Kh8 37. Kh1 dxc4 38. bxc4 {[#]} Bf2 $1 39. Nd3 {aiming for d5.} Qxc4 {[%mdl 64] Double Attack} 40. d5 (40. Nf4 {was the only chance.} Rc8 41. Qxc4 Rxc4 42. Kg2) 40... Qxb5 41. d6 (41. Nf4 $142 Qxe2 42. Nxe2) 41... Rd8 42. Qa2 Qf5 {[%cal Rf5f3]} 43. Qe2 Bh4 44. Nb2 Qe6 45. Nc4 Bf2 46. Qb2+ (46. d7 $142 b5 47. Qb2+ f6 48. Nxe3 Bxe3 49. Qxb5) 46... Kh7 47. Qb5 Qg6 {( -> ...Rg8)} 48. Ne5 Qc2 49. Qd5 Qf5 50. Nxf7 Qxd5 51. Rxd5 {KRB-KRN} Rg8 {[%csl Gf2][%cal Rg8g1]} 52. h3 e2 53. Re5 e1=Q+ {Black mates.} 54. Rxe1 Bxe1 55. d7 Bh4 {Accuracy: White = 34%, Black = 60%.} 0-1

[Event "9th Holuj-Radzikowska 2019"]
[Site "Wroclaw"]
[Date "2019.12.11"]
[Round "5"]
[White "Bulmaga, Irina"]
[Black "Antolak, Julia"]
[Result "1-0"]
[WhiteElo "2434"]
[BlackElo "2249"]
[Annotator "NA"]
[PlyCount "85"]
[EventDate "2019.12.06"]
[EventType "team-tourn"]
[EventCountry "POL"]
[SourceTitle "playchess.com"]
[Source "ChessBase"]
[SourceQuality "1"]
[TimeControl "40/5400+30:1800+30"]

1. e4 c5 2. Nf3 e6 3. d4 cxd4 4. Nxd4 Nf6 5. Nc3 d6 6. Be2 a6 7. O-O Be7 8. Be3 Nc6 9. f4 O-O 10. Kh1 Bd7 11. Qe1 Nxd4 12. Bxd4 b5 13. a3 Qb8 14. e5 dxe5 15. fxe5 Nd5 {[#]} 16. Ne4 $16 Bc6 17. Bd3 Kh8 18. Nf6 g6 19. Qh4 Bxf6 20. exf6 e5 21. Bc5 Nf4 22. Rxf4 exf4 23. Bxf8 Qxf8 24. Qxf4 Re8 25. h3 Re6 26. Rf1 Qd8 27. Qh6 Qg8 28. Qg5 Qd8 29. Qh6 Qg8 30. Kg1 Re5 31. Qf4 Qe8 32. Bxg6 Re2 33. Rf2 Rxf2 34. Kxf2 Bxg2 35. Qh6 Qg8 36. Bxh7 Qxh7 37. Qf8+ Qg8 38. Qxg8+ Kxg8 39. Kxg2 Kh7 40. b3 Kg6 41. c4 bxc4 42. bxc4 Kxf6 43. h4 1-0

[Event "9th Holuj-Radzikowska 2019"]
[Site "Wroclaw"]
[Date "2019.12.11"]
[Round "5"]
[White "Houska, Jovanka"]
[Black "Sliwicka, Alicja"]
[Result "0-1"]
[WhiteElo "2412"]
[BlackElo "2264"]
[Annotator "NA"]
[PlyCount "104"]
[EventDate "2019.12.06"]
[EventType "team-tourn"]
[EventCountry "POL"]
[SourceTitle "playchess.com"]
[Source "ChessBase"]
[SourceQuality "1"]
[TimeControl "40/5400+30:1800+30"]

1. d4 Nf6 2. Nf3 d6 3. g3 Nbd7 4. Bg2 e5 5. c4 g6 6. Nc3 Bg7 7. O-O O-O 8. e3 c6 9. a4 a5 10. b3 exd4 11. Nxd4 Nc5 $11 12. h3 Qb6 13. Ba3 Nfd7 14. Ra2 Re8 15. Kh2 Nb8 16. Rd2 Nba6 17. Nce2 Nb4 18. Qb1 Bd7 19. Rfd1 Rad8 20. Nf4 Bc8 21. e4 Qc7 22. Bb2 Be5 23. Nfe2 Qe7 24. Bc3 Bg7 25. f3 d5 26. exd5 cxd5 27. cxd5 Rxd5 28. Nf4 Rdd8 29. Nb5 Bxc3 30. Rxd8 Rxd8 31. Nxc3 Bf5 32. Rxd8+ Qxd8 33. Qb2 Qd4 34. Nfe2 Qf6 35. f4 Nc2 36. g4 Bd3 37. Qc1 Nxb3 38. Qd1 Bxe2 39. Nxe2 Ncd4 40. Bxb7 Nxe2 41. Qxb3 Qxf4+ 42. Kg2 Qd4 43. Kf3 Nc3 44. Ba6 Nxa4 45. Bc4 Qf6+ 46. Ke2 Nc5 47. Qb5 Qe5+ 48. Kd1 a4 49. Kc2 Kg7 50. h4 a3 51. g5 Qd4 52. Qb4 a2 0-1

[Event "9th Holuj-Radzikowska 2019"]
[Site "Wroclaw"]
[Date "2019.12.11"]
[Round "5"]
[White "Cyfka, Karina"]
[Black "Arabidze, Meri"]
[Result "1/2-1/2"]
[WhiteElo "2410"]
[BlackElo "2435"]
[Annotator "NA"]
[PlyCount "60"]
[EventDate "2019.12.06"]
[EventType "team-tourn"]
[EventCountry "POL"]
[SourceTitle "playchess.com"]
[Source "ChessBase"]
[SourceQuality "1"]
[TimeControl "40/5400+30:1800+30"]

1. d4 {[%emt 0:00:00]} d5 {[%emt 0:00:00]} 2. c4 {[%emt 0:00:00]} e6 {[%emt 0:00:00]} 3. Nc3 {[%emt 0:00:22]} Nf6 {[%emt 0:00:00]} 4. cxd5 {[%emt 0:00:12]} exd5 {[%emt 0:00:02]} 5. Bg5 {[%emt 0:00:41]} c6 {[%emt 0:00:37]} 6. e3 {[%emt 0:00:28]} Nbd7 {[%emt 0:00:41]} 7. Bd3 {[%emt 0:01:24]} Be7 {[%emt 0:00:51]} 8. Qc2 {[%emt 0:00:41]} O-O {[%emt 0:02:02]} 9. Nf3 {[%emt 0:02:06]} Re8 {[%emt 0:01:28]} 10. O-O {[%emt 0:00:20]} Nf8 {[%emt 0:01:30]} 11. h3 {[%emt 0:00:59]} Nh5 {[%emt 0:07:27]} 12. Bxe7 {[%emt 0:02:44]} Qxe7 {[%emt 0:00:14]} 13. Rab1 {[%emt 0:02:08]} g6 $14 {[%emt 0:10:45]} 14. b4 {[%emt 0:03:42]} a6 {[%emt 0:00:13]} 15. a4 {[%emt 0:00:19]} Be6 {[%emt 0:09:57]} 16. b5 {[%emt 0:04:38]} axb5 {[%emt 0:02:20]} 17. axb5 {[%emt 0:00:16]} c5 {[%emt 0:00:10]} 18. dxc5 {[%emt 0:02:15]} Qxc5 {[%emt 0:00:05]} 19. Nd4 {[%emt 0:05:00]} Rec8 {[%emt 0:03:14]} 20. Rfc1 {[%emt 0:02:31]} Qd6 {[%emt 0:03:11]} 21. Qd1 {[%emt 0:09:24]} Nd7 {[%emt 0:03:50]} 22. Bf1 {[%emt 0:06:28]} Nb6 {[%emt 0:04:53]} 23. Nce2 {[%emt 0:03:50]} Bd7 {[%emt 0:05:18]} 24. Rxc8+ {[%emt 0:03:18]} Rxc8 {[%emt 0:00:25]} 25. Rc1 {[%emt 0:02:09]} Rxc1 {[%emt 0:06:35]} 26. Qxc1 {[%emt 0:00:55]} Nf6 {[%emt 0:00:31]} 27. Nc3 {[%emt 0:02:25]} Qc5 {[%emt 0:09:17]} 28. Qa1 {[%emt 0:00:19]} Bc8 {[%emt 0:02:06]} 29. Nb3 {[%emt 0:02:31]} Qb4 {[%emt 0:04:32]} 30. Nd4 {[%emt 0:01:05]} Qc5 {[%emt 0:00:45]} 1/2-1/2

[Event "9th Holuj-Radzikowska 2019"]
[Site "Wroclaw"]
[Date "2019.12.11"]
[Round "5"]
[White "Zawadzka, Jolanta"]
[Black "Zatonskih, Anna"]
[Result "1/2-1/2"]
[WhiteElo "2400"]
[BlackElo "2420"]
[Annotator "NA"]
[PlyCount "97"]
[EventDate "2019.12.06"]
[EventType "team-tourn"]
[EventCountry "POL"]
[SourceTitle "playchess.com"]
[Source "ChessBase"]
[SourceQuality "1"]
[TimeControl "40/5400+30:1800+30"]

1. e4 {[%emt 0:00:00]} e5 {[%emt 0:00:00]} 2. Nf3 {[%emt 0:00:00]} Nf6 {[%emt 0:00:00]} 3. d4 {[%emt 0:00:00]} Nxe4 {[%emt 0:01:35]} 4. Bd3 {[%emt 0:00:07]} d5 {[%emt 0:01:20]} 5. Nxe5 {[%emt 0:00:21]} Nd7 {[%emt 0:02:04]} 6. Nxd7 {[%emt 0:00:12]} Bxd7 {[%emt 0:00:20]} 7. O-O {[%emt 0:00:08]} Bd6 {[%emt 0:09:43]} 8. Nc3 $11 {[%emt 0:00:20]} Nxc3 {[%emt 0:02:01]} 9. bxc3 {[%emt 0:00:07]} O-O {[%emt 0:05:13]} 10. Qh5 {[%emt 0:02:07]} f5 {[%emt 0:00:13]} 11. Re1 {[%emt 0:00:46]} Qf6 {[%emt 0:25:01]} 12. Qf3 {[%emt 0:00:32]} Bc6 {[%emt 0:04:55]} 13. Bf4 {[%emt 0:06:07]} g6 {[%emt 0:00:51]} 14. Be5 {[%emt 0:15:59]} Bxe5 {[%emt 0:02:10]} 15. Rxe5 {[%emt 0:01:10]} Rae8 {[%emt 0:00:31]} 16. Rae1 {[%emt 0:04:51]} Rxe5 {[%emt 0:00:17]} 17. Rxe5 {[%emt 0:00:11]} Qf7 {[%emt 0:01:55]} 18. h4 {[%emt 0:12:42]} Re8 {[%emt 0:03:45]} 19. Qf4 {[%emt 0:01:33]} Rxe5 {[%emt 0:08:14]} 20. Qxe5 {[%emt 0:00:06]} h5 {[%emt 0:00:52]} 21. Kh2 {[%emt 0:02:49]} Kf8 {[%emt 0:11:23]} 22. Kh3 {[%emt 0:15:46]} Qe7 {[%emt 0:02:17]} 23. Qh8+ {[%emt 0:05:52]} Kf7 {[%emt 0:00:02]} 24. c4 {[%emt 0:01:31]} Qf6 {[%emt 0:03:07]} 25. Qc8 {[%emt 0:04:17]} Qxd4 {[%emt 0:00:44]} 26. Qxc7+ {[%emt 0:00:07]} Ke8 {[%emt 0:04:20]} 27. cxd5 {[%emt 0:05:48]} Qxd5 {[%emt 0:01:03]} 28. f3 {[%emt 0:00:47]} a6 {[%emt 0:03:32]} 29. a3 {[%emt 0:01:11]} Bd7 {[%emt 0:04:02]} 30. Kg3 {[%emt 0:00:26]} Ke7 {[%emt 0:00:45]} 31. Bc4 {[%emt 0:01:41]} Qd4 {[%emt 0:00:47]} 32. Bb3 {[%emt 0:03:21]} Qe3 {[%emt 0:01:08]} 33. Kh2 {[%emt 0:01:48]} Qd4 {[%emt 0:01:10]} 34. Kg3 {[%emt 0:05:39]} Qe3 {[%emt 0:00:16]} 35. Qc4 {[%emt 0:00:49]} Qe1+ {[%emt 0:00:44]} 36. Kh2 {[%emt 0:00:07]} Be6 {[%emt 0:00:40]} 37. Qc7+ {[%emt 0:01:08]} Bd7 {[%emt 0:00:14]} 38. Qc5+ {[%emt 0:00:23]} Kd8 {[%emt 0:00:52]} 39. Qd4 {[%emt 0:01:38]} Ke7 {[%emt 0:00:19]} 40. Qg7+ {[%emt 0:00:00]} Kd8 {[%emt 0:00:00]} 41. Qd4 {[%emt 0:09:21]} Ke7 {[%emt 0:06:50]} 42. Bd5 {[%emt 0:03:22]} b6 {[%emt 0:03:04]} 43. c4 {[%emt 0:04:17]} a5 {[%emt 0:01:42]} 44. Qf4 {[%emt 0:07:03]} Be6 {[%emt 0:06:17]} 45. Bc6 {[%emt 0:01:35]} Kf6 {[%emt 0:06:14]} 46. Qg5+ {[%emt 0:00:36]} Kf7 {[%emt 0:00:15]} 47. Qf4 {[%emt 0:03:52]} Kf6 {[%emt 0:00:06]} 48. Qg5+ {[%emt 0:00:53]} Kf7 {[%emt 0:00:07]} 49. Qf4 {[%emt 0:00:09]} 1/2-1/2

[Event "9th Holuj-Radzikowska 2019"]
[Site "Wroclaw"]
[Date "2019.12.11"]
[Round "5"]
[White "Badelka, Olga"]
[Black "Socko, Monika"]
[Result "0-1"]
[WhiteElo "2399"]
[BlackElo "2407"]
[Annotator "NA"]
[PlyCount "74"]
[EventDate "2019.12.06"]
[EventType "team-tourn"]
[EventCountry "POL"]
[SourceTitle "playchess.com"]
[Source "ChessBase"]
[SourceQuality "1"]
[TimeControl "40/5400+30:1800+30"]

1. c4 Nf6 2. Nc3 e6 3. e4 d5 4. e5 d4 5. exf6 dxc3 6. bxc3 Qxf6 7. d4 e5 8. Nf3 Nc6 9. Bg5 Qg6 10. d5 Nb8 11. h4 e4 12. Nd4 Bd6 13. Be3 $11 Nd7 14. h5 Qf6 15. Qc2 Nc5 16. Nb3 Nxb3 17. axb3 O-O 18. Be2 Re8 19. g4 a5 20. g5 Qf5 21. Rh4 b6 22. Bg4 Qe5 23. Bxc8 Raxc8 24. O-O-O Bc5 25. Rg1 c6 26. Bf4 Qe7 27. Rd1 cxd5 28. Rxd5 b5 29. cxb5 Bxf2 30. Qxf2 Rxc3+ 31. Kd1 Qa3 32. Ke2 e3 33. Qe1 Rc1 34. Rd1 Qb2+ 35. Kf3 Rxd1 36. Qxd1 Qf2+ 37. Kg4 e2 0-1